Statystyki dla Największe miasta w państwach #3 - Skandynawia i Anglia

Kliknij tutaj aby rozwiązać quiz!

Ogólne statystyki

  • Ten quiz został rozwiązany 1 211 razy
  • Średni wynik to 13 z 30

Statystyki odpowiedzi

PaństwoLpMiastaLudność% Poprawnych
Wielka Brytania1.Londyn7 619 800
100%
Norwegia1.Oslo925 242
94%
Szwecja1.Sztokholm1 372 565
92%
Finlandia1.Helsinki623 135
91%
Irlandia1.Dublin527 612
90%
Dania1.Kopenhaga549 050
90%
5.Manchester465 900
88%
3.Malmö280 415
71%
2.Birmingham1 010 400
68%
3.Glasgow637 000
63%
2.Göteborg548 839
54%
2.Cork119 418
52%
4.Leeds477 600
48%
2.Bergen238 098
45%
4.Trondheim167 598
45%
4.Aalborg104 885
30%
2.Aarhus252 213
28%
3.Odense168 798
28%
3.Tampere223 149
20%
5.Oulu196 530
19%
4.Uppsala140 454
19%
3.Stavanger201 353
17%
2.Espoo266 123
14%
3.Limerick57 106
13%
4.Waterford46 732
7%
5.Västerås110 877
6%
4.Vantaa211 206
5%
5.Fredrikstad105 545
4%
5.Frederiksberg100 215
3%
5.Dún Laoghaire24 507
1%

Rozkład punktacji

Percentyl według liczby udzielonych odpowiedzi

Procent ludzi z każdym wynikiem

Twoja historia wyników

Nie rozwiązałeś tego quizu